Has the United States enough water? (Record no. 30092)

MARC details
000 -LEADER
fixed length control field 00910cam a22002771 4500
001 - CONTROL NUMBER
control field gs 65000342
003 - CONTROL NUMBER IDENTIFIER
control field DLC
005 - DATE AND TIME OF LATEST TRANSACTION
control field 20260227111417.0
008 - FIXED-LENGTH DATA ELEMENTS--GENERAL INFORMATION
fixed length control field 780804s1965 dcuab b f000 0 eng c
010 ## - LIBRARY OF CONGRESS CONTROL NUMBER
LC control number gs 65000342
035 ## - SYSTEM CONTROL NUMBER
System control number (OCoLC)4112420
040 ## - CATALOGING SOURCE
Original cataloging agency U.S. Geol. Survey. Libr.
Transcribing agency CLS
Modifying agency OCoLC
-- DLC
042 ## - AUTHENTICATION CODE
Authentication code premarc
043 ## - GEOGRAPHIC AREA CODE
Geographic area code n-us---
050 00 - LIBRARY OF CONGRESS CALL NUMBER
Classification number TC801
Item number .U2 no. 1797
051 ## - LIBRARY OF CONGRESS COPY, ISSUE, OFFPRINT STATEMENT
Classification number TD223
Item number .P52
082 ## - DEWEY DECIMAL CLASSIFICATION NUMBER
Classification number 333.9100973
100 1# - MAIN ENTRY--PERSONAL NAME
Personal name Piper, Arthur M.
Fuller form of name (Arthur Maine),
Dates associated with a name 1898-
245 10 - TITLE STATEMENT
Title Has the United States enough water?
Statement of responsibility, etc. by A. M. Piper.
260 ## - PUBLICATION, DISTRIBUTION, ETC.
Place of publication, distribution, etc. Washington,
Name of publisher, distributor, etc. U.S. Govt. Print. Off.,
Date of publication, distribution, etc. 1965.
300 ## - PHYSICAL DESCRIPTION
Extent iii, 27 p.
Other physical details illus., maps (3 fold. col. in pocket)
Dimensions 24 cm.
490 1# - SERIES STATEMENT
Series statement Geological Survey (U.S.) Water-supply paper
Volume/sequential designation 1797
504 ## - BIBLIOGRAPHY, ETC. NOTE
Bibliography, etc. note Bibliography: p. 26-27.
650 #0 - SUBJECT ADDED ENTRY--TOPICAL TERM
Topical term or geographic name entry element Water-supply
Geographic subdivision United States.
830 #0 - SERIES ADDED ENTRY--UNIFORM TITLE
Uniform title Water-supply paper (Washington, D.C.) ;
Volume/sequential designation 1797.

No items available.

Powered by Koha